| 000 | 00464nam a2200133Ia 4500 | ||
|---|---|---|---|
| 003 | GCL | ||
| 008 | 140319s9999 xx 000 0 ara d | ||
| 040 |
_aGCL / _cGCL |
||
| 082 | 0 | 4 |
_a953.0711 _bح ك |
| 245 | 1 | 0 | _aكتاب المقتبس فى تاريخ الاندلس عهد الامير عبدالله محمد بن عبدالرحمن بن الحكم بن هشام |
| 260 |
_a[S.N] : _bدار الافاق الجديدة ، _c1990 |
||
| 300 | _a190 ص | ||
| 490 | _a | ||
| 999 |
_c35373 _d35373 |
||